00929 a2200205 4500020001500000040001300015082001400028100002300042245021000065250001200275260006100287300003300348650005800381650005300439650004900492650005600541700002300597700002500620856007800645 a0763727431 aDLCbDLC00a371.904461 aHaynes, William O.10aCommunication disorders in the classroom : an introduction for professionals in school settingsban introduction for professionals in school settingscWilliam O. Haynes, Michael J. Moran, Rebekah Pindzola. a4th ed. aSudbury, Mass. :bJones and Bartlett Publishers,cc2006. axi, 411 p. :bill. ;c23 cm. 0aChildren with disabilitiesxEducationzUnited States. 0aLanguage artsxRemedial teachingzUnited States. 0aSpeech disorders in childrenzUnited States. 0aCommunicative disorders in childrenzUnited States.1 aMoran, Michael J.,1 aPindzola, Rebekah H.413Table of contentsuhttp://www.loc.gov/catdir/toc/ecip0511/2005011485.html